000 00628cam a2200205 4500
001 M1312
008 090401t1991 xxu||||| |||| 00| 0 eng d
035 _a(Sirsi) u31077
041 _aeng
050 _a333.0062
090 _aRICS 1991/62A
100 _aWatts, Ted
245 _aPresdiential address 1991/1992 to the members of the Royal Institution of Chartered Surveyors. Promoting Chartered Surveyors - the buck stops ... where?
260 _aLondon
_bRoyal Institution of Chartered Surveyors
_c1991
300 _a15p. ; 30cm.
350 _a0
650 _aPRESIDENTIAL ADDRESS
942 _n0
948 _c04/03/1997
999 _c89551
_d89551